000 00604nma a22002177a 4500
003 NALT
005 20251007134336.0
006 g q ||
008 s2009 eng d
040 _aNALT
041 _aeng
090 _aCD 2461
245 0 0 _aBerlitz kids Malay picture dictionary.
260 _asingapore :
_bBerlitz,
_c2009.
300 _a1 แผ่น :
_bSd., Col.
650 0 _aEnglish
_xDictionaries
_xMalay language
_942175
650 0 _aBahasa Melayu
_xPicture dictionaries
_966679
653 4 _aBahasa Melayu Malaysia
850 _aNALT
942 _cCD
_2local
999 _c74152
_d74152
998 _j104
_k นางสาวสายฝน ดีงาม